| 000 | 004700000a22001810004500 | ||
|---|---|---|---|
| 999 |
_c48740 _d48740 |
||
| 001 | 1581 | ||
| 003 | CO-MdFUSB | ||
| 005 | 20171107152709.0 | ||
| 008 | 171107b xxu||||| |||| 00| 0 eng d | ||
| 020 | _a958-30-0280-1 | ||
| 040 | _cCO-MdBIC | ||
| 082 | 0 | 4 | _a861P G945m |
| 100 | 1 | _aGuillén, Nicolás | |
| 245 | 1 | 0 | _aPor el mar de las Antillas anda un barco de papel / Nicolás Guillén |
| 260 | _aBogotá : Panamericana Editorial | ||
| 300 | _a62 P. | ||
| 942 | _cLGB | ||